Statistieken voor Invasies van Groot-Brittannië

Klik hier om de quiz te nemen!

Algemene statistieken

  • Deze quiz is 413 keer genomen
  • De gemiddelde score is 3 van 5

Antwoordstatistieken

WanneerBinnenvallers% Correct
55 v.Chr. – jaren 60 n.Chr.Romeinen
89%
Jaren 800 – 1000Vikingen
80%
1066Normandiërs
53%
Jaren 500 v.Chr.Kelten
46%
Jaren 400 – 600Germaanse stammen
45%

Scoreverdeling

Percentiel versus Aantal Correcte Antwoorden

Procent van Mensen met Elke Score

Uw Scoregeschiedenis

U heeft deze quiz nog niet genomen